BIBLIOTHÈQUE DE LA MAISON DU MEXIQUE

Logo 1 Logo 2

Ecodiseño (notice nᵒ 12088)

détails MARC
000 -Sello discográfico
campo de control de longitud fija 00875nam a2200289 4500
005 - Identificación de versión
campo de control 20251016085115.0
010 ## - Número Estándar Internacional de Libros (ISBN)
Número (ISBN) 968-597-431-4
035 ## - Otros números de control del sistema
Número de control del sistema 16636
099 ## - fechas locales
Tipo de ítem Koha LIBRO
100 ## - Datos de procesamiento general
Datos de procesamiento general 19930801d1982 m y1spay5003 ba
105 ## - Campo de datos codificados: Material textual, monográfico
Datos codificados de monografía y 001zy
200 1# - Título y mención de responsabilidad
Título propio Ecodiseño
Designación general del material texto impreso
Primer mención de responsabilidad Fernando Tudela
205 ## - Declaración de edición
Declaración de edición 1a ed
210 ## - Publicación, distribución, etc.
Lugar de publicación, distribución, etc. México
Nombre del editor, distribuidor, etc. Universidad Autónoma Metropolitana, Unidad Xochimilco
Fecha de publicación, distribución, etc. 1982
215 ## - Descripción física
Designación de material específico y extensión del ítem 233 p
Dimensiones 20 cm
345 ## - Nota de información de adquisición
Fuente de adquisición/dirección de la suscripción [OBSOLETO] Donación
410 #1 - Series
Título Colección Ensayos
Nombre de parte o sección Diseño
Número de volumen D3
606 ## - Término temático usado como materia
Elemento de entrada Diseño industrial
Subdivisión temática Aspectos ambientales
Número Koha 18714
700 ## - Nombre personal - Responsabilidad primaria
Elemento de entrada Tudela Abad
Parte del nombre distinta del elemento de entrada Fernando
Número Koha 15166
801 #0 - Fuente de origen
Agencia cm
900 ## -
-- 1/8765
900 ## -
-- 710934425\\010893
942 ## - ELEMENTOS DE ENTRADA SECUNDARIOS (KOHA)
Tipo de ítem Koha Livre
996 ## -
-- MEX
-- 751145101
-- MMAG
-- 009794
-- 304.2 T899E
-- 20240227LIV
Exemplaires
Estatus retirado Estado de daño Estado de pérdida Fecha de adquisición Biblioteca de origen Biblioteca actual Ubicación en estantería Código de barras Precio de reemplazo Signatura topográfica completa No para préstamo Tipo de ítem Koha Nota pública Nota no pública
      05/08/2025 Casa México Paris Casa México Paris   009794 05/08/2025 304.2 T899E   Livre 20240227LIV 751145101